La Philosophie pratique de Kant (Record no. 34199)

MARC details
000 -LEADER
fixed length control field 00661 a2200229 4500
003 - CONTROL NUMBER IDENTIFIER
control field 0
005 - DATE AND TIME OF LATEST TRANSACTION
control field 20160609155041.0
008 - FIXED-LENGTH DATA ELEMENTS--GENERAL INFORMATION
fixed length control field 110516t xxu||||| |||| 00| 0 eng d
040 ## - SOURCE DU CATALOGAGE
Original cataloging agency BUAC
Language of cataloging Fre
Transcribing agency BUC
041 ## - CODE DE LANGUE
Language code of text/sound track or separate title Fre
100 ## - VEDETTE PRINCIPALE - NOM DE PERSONNE
Language of a work Fre
Personal name Delbos, Victor
9 (RLIN) 17005
245 ## - TITLE STATEMENT
Title La Philosophie pratique de Kant
Statement of responsibility, etc par Victor Delbos
250 ## - EDITION STATEMENT
Edition statement 3ème éd.
260 ## - PUBLICATION, DISTRIBUTION, ETC. (IMPRINT)
Place of publication, distribution, etc Paris
Name of publisher, distributor, etc Presses Universitaires de France
Date of publication, distribution, etc 1969
300 ## - PHYSICAL DESCRIPTION
Extent 608 p.
Dimensions 22 cm
440 ## - SERIES STATEMENT/ADDED ENTRY--TITLE
Title (Bibliothèque de philosophie contemporaine)
9 (RLIN) 17007
600 ## - SUBJECT ADDED ENTRY--PERSONAL NAME
Personal name Kant
Titles and other words associated with a name Philosophe
9 (RLIN) 17009
630 ## - SUBJECT ADDED ENTRY--UNIFORM TITLE
Uniform title PHILOSOPHIE
9 (RLIN) 17011
650 ## - SUBJECT ADDED ENTRY--TOPICAL TERM
Topical term or geographic name as entry element Morale : philosophie
9 (RLIN) 17013
942 ## - ADDED ENTRY ELEMENTS (KOHA)
Koha item type Livre
Holdings
Withdrawn status Lost status Damaged status Not for loan Location (home branch) Sublocation or collection (holding branch) Date acquired Source of acquisition Koha issues (times borrowed) Koha full call number Koha date last seen Copy number Price effective from Koha item type
        Bibliothèque Universitaire Centrale Bibliothèque Universitaire Centrale   ACHAT   140.8 DEL 16/07/2010 1 16/07/2010 Livre


© 2008, Bibliothèques de l'Université d'Abomey-Calavi

04 BP 789 Cotonou, Tél. : +229 21 36 01 01, Fax : +229 21 35 06 32

Courriel : bu@bu.uac.bj